00781nam a2200241 a 4500001001300000003000900013005001700022008004100039020002300080082001600103100002600119245007200145260003700217300001000254500003500264505002000299650003300319700002600352902000800378942000700386952012900393999001700522nice12345678IN_TiNIC20260116014536.0131108s2013 kola grp 000 0 eng  a9788175053724c25000a922.6bSHU1 aShuddhidananda, Swami aVivekananda as the Turning Pointb The Rise of a New Spiritual Wave aKolkata bAdvaita Asharma c2013 a667p  aincludes index and biblioraphy2 aEpilogue, Index aVivekananda Swami-Philosophy1 aShuddhidananda, Swami bSRS cBK 001040708StackRoom-aHMIbHMId2013-11-08g250.00l1o922.6 SHU1p024175r2019-01-23s2019-01-14v250.00w2013-11-08yBK c15872d15872